1637 1880 1842 1910 1501 1471 1787 1174 1551 1446 1000 1076 1581 1318 1208 1617 1896 1552 1157 1222 1437 1732 1228 1284 1335 1134 1798 1142 1350 1031 1403 1404 1145 1035 1416 1962 1953 1076 1600 1960 1091 1270 1305 1269 1874 1214 1950 1575 1574 1397 1869 1844 1051 1001 1280 1585 1054 1261 1268 1014 1831 1418 1848 1875 1604 1411 1629 1293 1174 1331 1254 1827 1772 1668 1619 1181 1913 1230 1592 1181 1376 1668 1848 1685 1255 1477 1933 1818 1392 1745 1169 1461 1525 1842 1797 1314 1616 1177 1944 BCNSPRNW ULIB Ver.6.0+V

เปลี่ยนเป็นภาษาไทย

Change to English
 แสดงรายละเอียดบรรณานุกรม
  กลับหน้าหลัก

Brief Record : Get Marc (ISO 2709) : E-mail record : QR code < ปิดหน้าต่าง
LEADER : 00000nam a2200000 a 4500
001    13399114167
003     ULIB
008    110712s2555 th a 000 0 tha d
020    ^a9786167047126
060 04 ^aWF145^bท116ก
100 1  ^aทนันชัย บุญบูรพงศ์
245 10 ^aการบำบัดระบบหายใจในเวชปฏิบัติ =^bRespiratory care in clinical practice /^cทนันชัย บุญบูรพงศ์
246 31 ^aRespiratory care in clinical practice
250    ^aพิมพ์ครั้งที่ 3
260    ^aกรุงเทพฯ :^bภาควิชาวิสัญญีวิทยา คณะแพทยศาสตร์โรงพยาบาลรามาธิบดี. มหาวิทยาลัยมหิดล,^c2555
300    ^a590 หน้า. :^bภาพประกอบ ;^c26 ซม.
500    ^a เรียบเรียงครั้งที่ 3 มกราคม 2555
650  4 ^aระบบหายใจ
650  4 ^aระบบหายใจ^xการรักษา
710 2  ^aมหาวิทยาลัยมหิดล. ^bคณะแพทยศาสตร์โรงพยาบาลรามาธิบดี.
945    ^p500^l0^i031189
945    ^p500^l0^i031190
945    ^p500^l0^i033186
945    ^p500^l0^i033690
945    ^p500^l0^i033691
995    ^a เกษร
999 ^a ใช้งานได้ทุกระบบ
รายการนี้ยังไม่มีแท็ก
คุณยังไม่ได้ล็อกอิน คุณสามารถมีกิจกรรมร่วมกับเว็บไซต์ได้ แต่ต้องล็อกอินก่อน ::
  ล็อกอิน

รายการสื่อสารสนเทศ

ลำดับที่ ประเภท เลขเรียก/บาร์โค้ด สถานที่ สถานะ
1. วิทยาศาสตร์การแพทย์ และสุขภาพ
หนังสือสำรอง
สถานะ=หนังสือสำรอง
WF145 ท116ก ฉ.1 
  Barcode: 031189
ห้องสมุดวิทยาเขตสวรรค์ประชารักษ์
►ส่วนจัดเก็บหนังสือเก่า สปร
บนชั้น
  ขอยืม
Note:รับบริจาค จาก นายแพทย์ทนันชัย บุญบูรพงศ์
2. วิทยาศาสตร์การแพทย์ และสุขภาพ
วิทยาศาสตร์การแพทย์ และสุขภาพ
WF145 ท116ก ฉ.2 
  Barcode: 031190
ห้องสมุดวิทยาเขตสวรรค์ประชารักษ์
►ส่วนจัดเก็บหนังสือเก่า สปร
บนชั้น
  ขอยืม
Note:รับบริจาค จาก นายแพทย์ทนันชัย บุญบูรพงศ์
3. วิทยาศาสตร์การแพทย์ และสุขภาพ
วิทยาศาสตร์การแพทย์ และสุขภาพ
WF145 ท116ก ฉ.3 
  Barcode: 033186
ห้องสมุดวิทยาเขตสวรรค์ประชารักษ์
►ส่วนจัดเก็บหนังสือเก่า สปร
บนชั้น
  ขอยืม
4. วิทยาศาสตร์การแพทย์ และสุขภาพ
วิทยาศาสตร์การแพทย์ และสุขภาพ
WF145 ท116ก ฉ.4 
  Barcode: 033690
ห้องสมุดวิทยาเขตสวรรค์ประชารักษ์
►ส่วนจัดเก็บหนังสือเก่า สปร
บนชั้น
  ขอยืม
5. วิทยาศาสตร์การแพทย์ และสุขภาพ
วิทยาศาสตร์การแพทย์ และสุขภาพ
WF145 ท116ก ฉ.5 
  Barcode: 033691
ห้องสมุดวิทยาเขตสวรรค์ประชารักษ์
►ส่วนจัดเก็บหนังสือเก่า สปร
บนชั้น
  ขอยืม

รายการใกล้เคียง
    ผู้แต่ง [ทนันชัย บุญบูรพงศ์]

    หัวเรื่อง [ระบบหายใจ]

BibComment


ยังไม่เคยถูกคอมเมนท์

คอมเมนท์ทรัพยากรรายการนี้
  คอมเมนท์: การบำบัดระบบหายใ..


 Copyright 2026. Bcnsprnw @Library